| 000 | 00631nam a22002057a 4500 | ||
|---|---|---|---|
| 999 |
_c8919 _d8919 |
||
| 003 | AR-CdUCM | ||
| 008 | 190326b ||||| |||| 00| 0 spa d | ||
| 020 | _a07-070350-7 | ||
| 040 |
_aMUNICIPALIDAD PROVINCIAL DEL CUSCO _cBIBLIOTECA MUNICIPAL DEL CUSCO |
||
| 082 |
_a420 / _bW72 |
||
| 100 |
_aWilliams, Edwin B. _924775 |
||
| 245 | _aSpanish - english dictionary / | ||
| 260 |
_aNew york : _bMcGraw - Hill, _c1978. |
||
| 300 |
_a623 páginas ; _c25 cm. |
||
| 505 | _aContenido : Diccionario -- Ingles - español ... | ||
| 650 |
_aDiccionario _95196 |
||
| 650 |
_aIngles - español _924776 |
||
| 942 |
_2ddc _cLIBROS |
||
| 945 | _arah | ||